[Event "SR 2. liga A 2005/2006"]
[Site "?"]
[Date "2005.12.17"]
[Round "26.7"]
[White "Deak, Gabriel"]
[Black "Mandak, Miroslav"]
[Result "1/2-1/2"]
[WhiteElo "2038"]
[BlackElo "2069"]
[PlyCount "83"]
[EventDate "2005.??.??"]

1. d4 Nf6 2. Nf3 e6 3. Bg5 Be7 4. e3 O-O 5. Bd3 d5 6. Nbd2 c5 7. c3 b6 8. Qe2
Bb7 9. Ne5 Ne4 10. Bf4 a5 11. f3 Nxd2 12. Qxd2 Nd7 13. Bc2 Nxe5 14. Bxe5 Ba6
15. g4 Bd6 16. Bg3 b5 17. Kf2 b4 18. Bxd6 Qxd6 19. dxc5 Qxc5 20. cxb4 axb4 21.
Rac1 Qe7 22. h4 e5 23. Bb3 d4 24. exd4 exd4 25. Rce1 Qd6 26. Re4 Rad8 27. Kg2
Bb7 28. Rf4 Bd5 29. Bc2 Rfe8 30. Rd1 Re2+ 31. Qxe2 Qxf4 32. Be4 Bxe4 33. Qxe4
Qf6 34. g5 Qd6 35. Rd3 Qc5 36. Kg3 Qc1 37. Qe2 Kf8 38. Qd2 Qc5 39. Rb3 Rb8 40.
Qf4 Rd8 41. Qd2 Qd6+ 42. Kg2 1/2-1/2

[Event "SR 2. liga A 2005/2006"]
[Site "?"]
[Date "2005.12.17"]
[Round "26.8"]
[White "Dzavik, Jozef"]
[Black "Vinarcik, Jan"]
[Result "0-1"]
[WhiteElo "2019"]
[BlackElo "2046"]
[PlyCount "30"]
[EventDate "2005.??.??"]

1. e4 e5 2. Nf3 Nc6 3. Bb5 a6 4. Ba4 d6 5. O-O Bd7 6. d4 b5 7. Bb3 exd4 8. Nxd4
Nxd4 9. Qxd4 c5 10. Qd5 Be6 11. Qc6+ Bd7 12. Qd5 c4 13. Bxc4 bxc4 14. Qxc4 Bb5
15. Qc3 Rc8 0-1

[Event "SR 2. liga A 2005/2006"]
[Site "?"]
[Date "2005.12.17"]
[Round "27.1"]
[White "Drtina, Milan"]
[Black "Kozinka, Roman"]
[Result "1-0"]
[WhiteElo "2259"]
[BlackElo "2037"]
[PlyCount "111"]
[EventDate "2005.??.??"]

1. e4 c5 2. c4 Nc6 3. Ne2 Nf6 4. Nbc3 Qa5 5. d3 a6 6. Bd2 Qc7 7. g3 Ne5 8. Nf4
e6 9. h3 Be7 10. Ng2 Nc6 11. Ne3 Rb8 12. Bg2 b5 13. b3 O-O 14. f4 d6 15. O-O b4
16. Ne2 Nd7 17. Rb1 a5 18. g4 h6 19. Be1 Bf6 20. h4 g6 21. g5 Bh8 22. f5 Be5
23. Bh3 Nd4 24. fxg6 hxg5 25. gxf7+ Rxf7 26. Rxf7 Kxf7 27. Nxd4 Bxd4 28. Qh5+
Ke7 29. Qh7+ Ke8 30. Qg8+ Ke7 31. Qxe6+ Kf8 32. Qh6+ Bg7 33. Qxg5 Ne5 34. Qf4+
Qf7 35. Qxf7+ Kxf7 36. Bxc8 Rxc8 37. Nf5 Rg8 38. Bg3 Bf8 39. Rd1 Ke6 40. Kf2
Nc6 41. Rh1 Rh8 42. h5 Nd4 43. Nxd4+ cxd4 44. Bf4 Bh6 45. Bxh6 Rxh6 46. Kg3 Rh8
47. h6 Kf6 48. Kf4 Rh7 49. Rh2 Rf7 50. Kg4 Rh7 51. Kh5 Kf7 52. Rf2+ Kg8 53. Kg6
Ra7 54. Rf6 a4 55. Rxd6 Rg7+ 56. hxg7 1-0

[Event "SR 2. liga A 2005/2006"]
[Site "?"]
[Date "2005.12.17"]
[Round "27.2"]
[White "Halas, Miroslav"]
[Black "Jablonicky, Frantisek"]
[Result "0-1"]
[WhiteElo "2004"]
[BlackElo "2246"]
[PlyCount "98"]
[EventDate "2005.??.??"]

1. e4 c6 2. d4 d5 3. exd5 cxd5 4. c4 Nf6 5. Nc3 g6 6. Bd3 Bg7 7. Nge2 O-O 8.
O-O Nc6 9. Bg5 dxc4 10. Bxc4 h6 11. Be3 Ng4 12. a3 e5 13. d5 Qh4 14. h3 Nxe3
15. fxe3 Qxc4 16. dxc6 bxc6 17. Rc1 Ba6 18. Qd7 Qc5 19. Nd1 Qd5 20. Qxd5 cxd5
21. Kf2 Rac8 22. Ndc3 Rfd8 23. Rfd1 d4 24. Na4 Rxc1 25. Rxc1 dxe3+ 26. Kxe3
Rd3+ 27. Kf2 Rd2 28. Nac3 Rxb2 29. Rb1 Rxb1 30. Nxb1 Bf8 31. a4 Bc5+ 32. Ke1
Bb7 33. g3 g5 34. Kf1 f5 35. Nbc3 Kf7 36. Nc1 Ba6+ 37. Kg2 Bc4 38. g4 Bd4 39.
N1e2 f4 40. Kf3 Ke6 41. Ke4 Bxc3 42. Nxc3 a5 43. Kf3 Bd5+ 44. Kf2 e4 45. Ne2
Ke5 46. Nc3 Bc4 47. h4 Kd4 48. Nd1 Bb3 49. hxg5 hxg5 0-1

[Event "SR 2. liga A 2005/2006"]
[Site "?"]
[Date "2005.12.17"]
[Round "27.3"]
[White "Szitkey, Milan"]
[Black "Arendas, Marek"]
[Result "1-0"]
[WhiteElo "2220"]
[BlackElo "2111"]
[PlyCount "43"]
[EventDate "2005.??.??"]

1. e4 c5 2. Nf3 d6 3. c3 Nf6 4. h3 Bd7 5. Bd3 Bc6 6. Qe2 g6 7. Bc2 e5 8. O-O
Bg7 9. d4 Qc7 10. Na3 a6 11. dxe5 dxe5 12. Nc4 Nbd7 13. Rd1 O-O 14. a4 h6 15.
b4 b5 16. Na5 c4 17. Qd2 Rfc8 18. Qd6 Bf8 19. Qxc7 Rxc7 20. Nxc6 Rxc6 21. axb5
Rb6 22. Nd2 1-0

[Event "SR 2. liga A 2005/2006"]
[Site "?"]
[Date "2005.12.17"]
[Round "27.4"]
[White "Hagara, Vladimir"]
[Black "Felcir, Jaroslav"]
[Result "1/2-1/2"]
[WhiteElo "1981"]
[BlackElo "2197"]
[PlyCount "108"]
[EventDate "2005.??.??"]

1. d4 d5 2. c4 c6 3. Nf3 Nf6 4. Nc3 a6 5. cxd5 cxd5 6. Bg5 Ne4 7. Bf4 Nxc3 8.
bxc3 e6 9. g3 Nc6 10. Bg2 Na5 11. O-O Bd7 12. Re1 Rc8 13. Qd2 Nc4 14. Qc2 Qa5
15. Qb3 b5 16. Nd2 Nxd2 17. Bxd2 Bd6 18. e4 dxe4 19. Bxe4 Qc7 20. Qd1 O-O 21.
Qh5 g6 22. Qe2 Rfe8 23. f4 Ba3 24. Rab1 Bc6 25. Bd3 Ba8 26. h3 Qd6 27. Qf2 Bd5
28. Re5 Bxa2 29. Ra1 Bd5 30. Be1 Qe7 31. Re3 Bb7 32. f5 gxf5 33. Bxf5 Bd6 34.
Be4 Bxe4 35. Rxe4 f5 36. Rh4 Rc6 37. Qf3 Qd7 38. Kg2 Be7 39. Rh5 Rf8 40. Qf4
Rf7 41. Qb8+ Rc8 42. Qf4 Rg7 43. Qf3 b4 44. Rxa6 bxc3 45. Bxc3 Rxc3 46. Qxc3
Qb7+ 47. Qc6 Qb2+ 48. Kh1 Qb1+ 49. Kh2 Qb2+ 50. Qg2 Qxd4 51. Qe2 Rf7 52. Rxe6
f4 53. Rxe7 fxg3+ 54. Kxg3 Qg7+ 1/2-1/2

[Event "SR 2. liga A 2005/2006"]
[Site "?"]
[Date "2005.12.17"]
[Round "27.5"]
[White "Nicolini, Alexander"]
[Black "Klanica, Anton"]
[Result "1/2-1/2"]
[WhiteElo "2133"]
[BlackElo "1917"]
[PlyCount "29"]
[EventDate "2005.??.??"]

1. e4 e6 2. d4 d5 3. exd5 exd5 4. Bd3 Bd6 5. Nf3 Nf6 6. O-O O-O 7. Bg5 Bg4 8.
Nbd2 Nbd7 9. c3 c6 10. Qc2 Qc7 11. Rfe1 Rfe8 12. Bf5 Bxf5 13. Qxf5 h6 14. Bxf6
Nxf6 15. Ne5 1/2-1/2

[Event "SR 2. liga A 2005/2006"]
[Site "?"]
[Date "2005.12.17"]
[Round "27.6"]
[White "Bahna, Jan"]
[Black "Doucha, Ludvik"]
[Result "1/2-1/2"]
[WhiteElo "1989"]
[BlackElo "2123"]
[PlyCount "43"]
[EventDate "2005.??.??"]

1. e4 e5 2. Nf3 d6 3. h3 f5 4. Nc3 Nf6 5. d3 c5 6. Bg5 Be7 7. Be2 Nc6 8. Qd2
O-O 9. O-O Nd4 10. Bd1 f4 11. Bxf6 Rxf6 12. Nd5 Rg6 13. Kh2 Be6 14. c3 Nxf3+
15. Bxf3 Bg5 16. Rae1 Qd7 17. Rh1 Rf8 18. Qe2 Rh6 19. Rc1 Bd8 20. Kg1 Rh4 21.
a3 g6 22. Qd1 1/2-1/2

[Event "SR 2. liga A 2005/2006"]
[Site "?"]
[Date "2005.12.17"]
[Round "27.7"]
[White "Puchart, Vladimir"]
[Black "Sturdik, Igor"]
[Result "0-1"]
[WhiteElo "2104"]
[BlackElo "2028"]
[PlyCount "88"]
[EventDate "2005.??.??"]

1. d4 Nf6 2. c4 c5 3. d5 e6 4. Nc3 exd5 5. cxd5 d6 6. e4 g6 7. f4 Bg7 8. Bb5+
Nfd7 9. a4 O-O 10. Nf3 Nf6 11. O-O Bg4 12. Re1 a6 13. Bf1 Re8 14. h3 Bxf3 15.
Qxf3 Nbd7 16. Be3 Qc7 17. a5 b5 18. axb6 Qxb6 19. Bf2 Qb7 20. Ra2 Nb6 21. Rea1
c4 22. Bd4 Nfd7 23. Bxg7 Kxg7 24. Qd1 Qc8 25. Qd4+ Kg8 26. Nb5 axb5 27. Rxa8
Nxa8 28. Ra5 Qb7 29. Be2 Qb6 30. Qxb6 Naxb6 31. Bf3 b4 32. Kf2 c3 33. bxc3 bxc3
34. Ke1 Nc5 35. Kd1 Nc4 36. Rxc5 dxc5 37. Kc2 Nd6 38. e5 Nb5 39. d6 Nd4+ 40.
Kxc3 Nxf3 41. gxf3 Kf8 42. Kc4 Rc8 43. h4 Ke8 44. h5 Kd7 0-1

[Event "SR 2. liga A 2005/2006"]
[Site "?"]
[Date "2005.12.17"]
[Round "27.8"]
[White "Steinecker, Frantisek"]
[Black "Mosny, Jaroslav"]
[Result "0-1"]
[WhiteElo "1350"]
[BlackElo "2066"]
[PlyCount "110"]
[EventDate "2005.??.??"]

1. e4 c5 2. Nf3 d6 3. d4 cxd4 4. Nxd4 Nf6 5. Nc3 a6 6. Bg5 e6 7. Bc4 Be7 8. Qd2
O-O 9. O-O Qc7 10. Bd3 Nc6 11. Nxc6 bxc6 12. Qe2 e5 13. Be3 d5 14. Bg5 d4 15.
Na4 c5 16. b3 Bb7 17. Rae1 h6 18. Bh4 g5 19. Bg3 Bd6 20. Nb2 Kg7 21. h4 Bc8 22.
hxg5 hxg5 23. Qd2 Nh7 24. f3 f6 25. Kf2 Rh8 26. Rh1 Nf8 27. Nc4 Ng6 28. Rxh8
Kxh8 29. Rh1+ Kg7 30. Qe1 Be6 31. a4 Rh8 32. Rxh8 Kxh8 33. Nxd6 Qxd6 34. Qa5
Bc8 35. Bc4 Kg7 36. Qd2 Nf4 37. c3 Ne6 38. Ke2 Qd8 39. Bxe6 Bxe6 40. c4 Qb6 41.
Qc2 Qd8 42. Be1 Qh8 43. Qd2 Qh2 44. Kd3 g4 45. Qf2 f5 46. Qg3 Qxg3 47. Bxg3 f4
48. Be1 g3 49. Ba5 Bh3 50. Bc7 Kf6 51. Bd6 Bxg2 52. Kd2 Bxf3 53. Ke1 Bxe4 54.
Bxc5 f3 55. Bb4 f2+ 0-1

[Event "SR 2. liga A 2005/2006"]
[Site "?"]
[Date "2005.12.17"]
[Round "28.1"]
[White "Meszaros, Michal"]
[Black "Ruckschloss, Karol"]
[Result "1/2-1/2"]
[WhiteElo "2354"]
[BlackElo "2275"]
[PlyCount "93"]
[EventDate "2005.??.??"]

1. e4 d6 2. d4 Nf6 3. Nc3 g6 4. Be3 c6 5. h3 Qb6 6. a3 Bg7 7. Bd3 Nbd7 8. Nge2
O-O 9. O-O Qc7 10. f4 b5 11. e5 Ne8 12. Qe1 Nb6 13. Qh4 a6 14. Ne4 Nd5 15. Bd2
f5 16. Ng5 h6 17. Nf3 c5 18. c3 c4 19. Bc2 e6 20. Kh2 Qe7 21. Qg3 Kh7 22. h4 h5
23. Neg1 Ndc7 24. Nh3 d5 25. Nhg5+ Kg8 26. Rh1 Bd7 27. Kg1 Bh6 28. Kf2 a5 29.
Qh2 Ng7 30. Rhb1 a4 31. Bd1 Na6 32. Ng1 Nb8 33. Bf3 Nc6 34. Ne2 Na5 35. Re1 Nb3
36. Rad1 Rfd8 37. Ng3 Be8 38. Nf1 Ra7 39. Ne3 Bc6 40. Rg1 Rf8 41. g3 Rd7 42.
Qg2 Rdd8 43. Nc2 Bb7 44. Nb4 Rd7 45. Rge1 Rfd8 46. Kg1 Rf8 47. Kh2 1/2-1/2

[Event "SR 2. liga A 2005/2006"]
[Site "?"]
[Date "2005.12.17"]
[Round "28.2"]
[White "Horak, Ivan"]
[Black "Gasa, Andrej"]
[Result "1-0"]
[WhiteElo "2141"]
[BlackElo "2212"]
[PlyCount "103"]
[EventDate "2005.??.??"]

1. e4 c5 2. Nf3 d6 3. d4 cxd4 4. Nxd4 Nf6 5. Nc3 a6 6. f3 e6 7. Be3 Qc7 8. Qd2
b5 9. O-O-O Nbd7 10. Kb1 Bb7 11. Ncxb5 axb5 12. Nxb5 Qa5 13. Qxa5 Rxa5 14.
Nxd6+ Bxd6 15. Rxd6 Ke7 16. Rd2 Rha8 17. a3 Ba6 18. Bxa6 R5xa6 19. Rhd1 h6 20.
Bd4 Ke8 21. c4 e5 22. Be3 Nf8 23. Rd6 Ne6 24. Rxa6 Rxa6 25. Ka2 Nd7 26. b4 Nb6
27. Rc1 Nc8 28. Kb3 Rd6 29. a4 Rd3+ 30. Rc3 Rd1 31. c5 Kd7 32. Kc4 Ra1 33. a5
Kc7 34. Rd3 f6 35. h3 h5 36. h4 g6 37. a6 Rxa6 38. b5 Ra2 39. Kd5 Nd8 40. b6+
Kb7 41. Kc4 Nc6 42. Rd7+ Kb8 43. Kd5 Nd4 44. Bxd4 exd4 45. Kc6 Rc2 46. Rd8 Rb2
47. Kd7 d3 48. Rxc8+ Kb7 49. Rc7+ Ka6 50. Kc6 Ka5 51. Ra7+ Kb4 52. b7 1-0

[Event "SR 2. liga A 2005/2006"]
[Site "?"]
[Date "2005.12.17"]
[Round "28.3"]
[White "Polasek, Filip"]
[Black "Kovarik, Oto"]
[Result "1-0"]
[WhiteElo "2068"]
[BlackElo "2108"]
[PlyCount "113"]
[EventDate "2005.??.??"]

1. e4 c5 2. Nf3 d6 3. d4 cxd4 4. Nxd4 Nf6 5. Nc3 Nc6 6. Be2 e5 7. Nb3 Be7 8.
Be3 Be6 9. O-O O-O 10. Qd2 a6 11. Rad1 Rc8 12. f4 exf4 13. Bxf4 Ne5 14. Kh1 Qc7
15. Nd4 Nfd7 16. Nf5 Bxf5 17. exf5 Nf6 18. Qe3 Qc5 19. Qg3 Kh8 20. Rfe1 Qb4 21.
Bc1 Rfe8 22. Rf1 Bf8 23. Rf4 Qc5 24. Rh4 d5 25. Bg5 Ned7 26. Qh3 Rxe2 27. Nxe2
Qxc2 28. Qd3 Qxd3 29. Rxd3 Rc2 30. Rd2 Rxd2 31. Bxd2 Ne4 32. Be3 Be7 33. Rh3
Bf6 34. b3 Ne5 35. Kg1 Nc6 36. Bb6 d4 37. a3 Nd6 38. g4 g6 39. fxg6 fxg6 40.
Rd3 Ne5 41. Rd1 Nxg4 42. Bxd4 Nf5 43. Bxf6+ Nxf6 44. Rd8+ Kg7 45. Nd4 Nxd4 46.
Rxd4 Kf7 47. Rb4 b5 48. a4 Nd5 49. Re4 Kf6 50. Re8 bxa4 51. bxa4 Nb6 52. a5 Nd7
53. Ra8 Nc5 54. Rc8 Nb7 55. Rc6+ Ke5 56. Rxa6 Kd5 57. Rb6 1-0

[Event "SR 2. liga A 2005/2006"]
[Site "?"]
[Date "2005.12.17"]
[Round "28.5"]
[White "Pericka, Tomas"]
[Black "Samko, Karol"]
[Result "0-1"]
[WhiteElo "1945"]
[BlackElo "2039"]
[PlyCount "66"]
[EventDate "2005.??.??"]

1. e4 c5 2. Nf3 Nc6 3. d4 cxd4 4. Nxd4 g6 5. Be2 Bg7 6. Be3 Nf6 7. Nc3 O-O 8.
Qd2 d5 9. Nxc6 bxc6 10. e5 Ng4 11. Bxg4 Bxg4 12. f4 f6 13. h3 Be6 14. exf6 Bxf6
15. Bd4 Bh4+ 16. Bf2 Bxf2+ 17. Qxf2 Qb6 18. O-O Rxf4 19. Qxb6 Rxf1+ 20. Rxf1
axb6 21. a3 d4 22. Ne4 Bf5 23. Re1 c5 24. Ng5 Ra7 25. Re2 h6 26. Nf3 Rc7 27.
Kf2 Kg7 28. Ne5 Kf6 29. Nd3 Bxd3 30. cxd3 b5 31. Re4 e5 32. Ke2 c4 33. Kd2 c3+
0-1

[Event "SR 2. liga A 2005/2006"]
[Site "?"]
[Date "2005.12.17"]
[Round "28.6"]
[White "Kasanicky, Robert"]
[Black "Diviak, Rastislav"]
[Result "1/2-1/2"]
[WhiteElo "1980"]
[BlackElo "1945"]
[PlyCount "97"]
[EventDate "2005.??.??"]

1. e4 d6 2. d4 Nf6 3. Nc3 g6 4. Bg5 c6 5. Qd2 Qa5 6. Bd3 Nbd7 7. Nge2 h6 8. Be3
Bg7 9. f3 a6 10. O-O h5 11. a4 O-O 12. Nc1 Qc7 13. a5 c5 14. d5 Ne5 15. Be2 Bd7
16. h3 Bc8 17. Nb3 Ned7 18. Ra3 Re8 19. Rd1 Rb8 20. Rda1 c4 21. Nd4 Nc5 22. Na4
Nfd7 23. Qc3 b5 24. axb6 Nxb6 25. Nxb6 Qxb6 26. R1a2 Bb7 27. Bxc4 Rec8 28. b3
Qc7 29. Qa5 Qd7 30. Qd2 Kh7 31. Bf1 Qc7 32. b4 Nd7 33. Bxa6 Bxa6 34. Rxa6 Ne5
35. Bf2 Bh6 36. Qe1 Nc4 37. b5 Bg7 38. Qe2 Qd7 39. Nc6 Rxb5 40. Qxc4 Rb1+ 41.
Kh2 Be5+ 42. Bg3 Bxg3+ 43. Kxg3 h4+ 44. Kh2 Qb7 45. R6a3 Qb6 46. Qd4 Rxc6 47.
Qxb6 Rcxb6 48. Ra1 Kg7 49. Rxb1 1/2-1/2

[Event "SR 2. liga A 2005/2006"]
[Site "?"]
[Date "2005.12.17"]
[Round "28.7"]
[White "Karlik, Lukas"]
[Black "Holly, Milan"]
[Result "1-0"]
[WhiteElo "1850"]
[BlackElo "1757"]
[PlyCount "41"]
[EventDate "2005.??.??"]

1. d4 b6 2. c4 e6 3. Nc3 Bb7 4. Nf3 Bb4 5. Qc2 Ne7 6. a3 Bxc3+ 7. Qxc3 O-O 8.
b4 d6 9. Bb2 f6 10. e3 c5 11. Bd3 Qc8 12. dxc5 dxc5 13. Ng5 Ng6 14. h4 h5 15.
Nxe6 Qxe6 16. Bxg6 Qg4 17. Bd3 Bxg2 18. Rg1 Qxh4 19. Rxg2 Qh1+ 20. Bf1 Rd8 21.
Qxf6 1-0

[Event "SR 2. liga A 2005/2006"]
[Site "?"]
[Date "2005.12.17"]
[Round "28.8"]
[White "Holiencin, Filip"]
[Black "Skapik, Branislav"]
[Result "0-1"]
[WhiteElo "1625"]
[BlackElo "1797"]
[PlyCount "102"]
[EventDate "2005.??.??"]

1. c4 c5 2. Nc3 Nf6 3. g3 Nc6 4. Bg2 g6 5. e4 Bg7 6. Nge2 d6 7. d3 a6 8. a3 Rb8
9. O-O O-O 10. Rb1 b5 11. cxb5 axb5 12. Nd5 Nxd5 13. exd5 Nd4 14. Nxd4 Bxd4 15.
b4 Bf5 16. g4 Bd7 17. h3 Qb6 18. Qd2 f5 19. g5 f4 20. Qe2 Rf7 21. Kh2 Rbf8 22.
Bf3 c4 23. Bb2 Bf5 24. dxc4 Bxb1 25. c5 dxc5 26. Bxd4 cxd4 27. Rxb1 Rc8 28. Bg4
f3 29. Qd2 Qc7+ 30. Kg1 Qc2 31. Qxc2 Rxc2 32. Be6 d3 33. Bxf7+ Kxf7 34. Rd1 e5
35. Rxd3 Ke7 36. d6+ Kd7 37. Rd5 e4 38. Rxb5 Kxd6 39. Rb7 Ke5 40. Rxh7 Kf4 41.
Rf7+ Kxg5 42. a4 Rc1+ 43. Kh2 Rf1 44. Kg3 Rg1+ 45. Kh2 Rg2+ 46. Kh1 Rxf2 47.
Kg1 e3 48. Re7 Rg2+ 49. Kf1 e2+ 50. Ke1 Rg1+ 51. Kd2 Rd1+ 0-1

[Event "SR 2. liga A 2005/2006"]
[Site "?"]
[Date "2005.12.17"]
[Round "29.1"]
[White "Tepper, Frantisek"]
[Black "Hrivnak, Martin"]
[Result "0-1"]
[WhiteElo "2216"]
[BlackElo "2177"]
[PlyCount "123"]
[EventDate "2005.??.??"]

1. e4 g6 2. d4 Bg7 3. c3 d6 4. Bd3 e5 5. Ne2 Nc6 6. d5 Nce7 7. Ng3 h5 8. h4 Nf6
9. c4 Nd7 10. Nc3 Nc5 11. Bc2 a5 12. Be3 b6 13. Qe2 Ng8 14. Nf1 Bf6 15. g3 Be7
16. O-O-O Nf6 17. f3 a4 18. Bg5 Bd7 19. Ne3 Qc8 20. Rde1 Qa6 21. f4 Ng4 22.
Bxe7 Kxe7 23. Nxg4 Bxg4 24. Qf1 f6 25. Nb5 Rac8 26. Rh2 Qa5 27. Re3 Bd7 28. Nc3
Rhf8 29. Rf2 Bg4 30. Nb5 Bd7 31. Nc3 a3 32. b3 Bg4 33. Nb5 Nd7 34. Qe1 Qa8 35.
Qb4 Qb7 36. Qxa3 Ra8 37. Qb2 c6 38. dxc6 Qxc6 39. Rd2 Qc5 40. Re1 Rfd8 41. f5
gxf5 42. exf5 d5 43. Nc3 dxc4 44. b4 Qc8 45. Be4 Ra6 46. Rd5 b5 47. Rxb5 Nb6
48. Qf2 Ra3 49. Kb2 Rxc3 50. Rxb6 Rcd3 51. Rb7+ R3d7 52. Rxd7+ Qxd7 53. Kc3 Kf7
54. Kxc4 Qa4 55. Qc5 Rd4+ 56. Kc3 Qa3+ 57. Kc2 Qxa2+ 58. Kc3 Qd2+ 59. Kb3 Bd1+
60. Rxd1 Qxd1+ 61. Ka3 Rd7 62. Bc2 0-1

[Event "SR 2. liga A 2005/2006"]
[Site "?"]
[Date "2005.12.17"]
[Round "29.2"]
[White "Chovanec, Vladimir"]
[Black "Fabry, Robert"]
[Result "1/2-1/2"]
[WhiteElo "2111"]
[BlackElo "2198"]
[PlyCount "67"]
[EventDate "2005.??.??"]

1. e4 e5 2. Nf3 Nc6 3. Bb5 a6 4. Ba4 Nf6 5. O-O Be7 6. Re1 b5 7. Bb3 O-O 8. h3
Bb7 9. d3 d6 10. a3 Nd4 11. Nxd4 exd4 12. Nd2 Rc8 13. a4 c5 14. axb5 axb5 15.
c3 dxc3 16. bxc3 d5 17. e5 Nd7 18. d4 Qb6 19. Qg4 Qe6 20. Qxe6 fxe6 21. Ra7 Rb8
22. Ba3 Rf7 23. Bd1 cxd4 24. cxd4 Bxa3 25. Rxa3 Nb6 26. Bg4 Bc8 27. Nb3 Nc4 28.
Ra2 b4 29. Rea1 Rfb7 30. Ra7 Na3 31. Rxb7 Rxb7 32. Rc1 Nc4 33. Ra1 Na3 34. Rc1
1/2-1/2

[Event "SR 2. liga A 2005/2006"]
[Site "?"]
[Date "2005.12.17"]
[Round "29.3"]
[White "Janos, Jozef"]
[Black "Bednar, Jan"]
[Result "0-1"]
[WhiteElo "2227"]
[BlackElo "2175"]
[PlyCount "61"]
[EventDate "2005.??.??"]

1. d4 d5 2. Nf3 Nf6 3. g3 g6 4. Bg2 Bg7 5. O-O O-O 6. c4 c5 7. dxc5 Na6 8. cxd5
Nxd5 9. Ng5 Ndb4 10. Qb3 h6 11. a3 Nc6 12. Ne4 Nd4 13. Qd1 f5 14. Nec3 Nxc5 15.
b4 Ne4 16. Nxe4 fxe4 17. Bxe4 Bh3 18. Ra2 Bxf1 19. Qxf1 Qb6 20. Be3 Rac8 21.
Rd2 e5 22. Kg2 Qc7 23. Qd1 b6 24. Rd3 Kh7 25. Nc3 Nf5 26. Nd5 Qc4 27. f3 Rcd8
28. Bf2 Nd4 29. Bxd4 exd4 30. Ne7 Rf6 31. Qb1 {time} 0-1

[Event "SR 2. liga A 2005/2006"]
[Site "?"]
[Date "2005.12.17"]
[Round "29.4"]
[White "Lauf, Pavol"]
[Black "Hebelka, Milos"]
[Result "0-1"]
[WhiteElo "2116"]
[BlackElo "2102"]
[PlyCount "106"]
[EventDate "2005.??.??"]

1. c4 e5 2. Nc3 Nf6 3. e4 d6 4. Nf3 c6 5. d4 Qc7 6. Be2 Be7 7. O-O O-O 8. h3 a6
9. Be3 b5 10. a3 Nbd7 11. Rc1 Qb7 12. b4 exd4 13. Nxd4 Ne5 14. cxb5 axb5 15.
Qb3 Bd7 16. Rfd1 Nc4 17. Bxc4 bxc4 18. Qxc4 Rxa3 19. Rb1 d5 20. exd5 cxd5 21.
Qd3 Qa8 22. Nc2 Ra6 23. b5 Re6 24. Nxd5 Bc8 25. Nc7 Qb7 26. Nxe6 Bxe6 27. Nd4
Bd5 28. f3 Re8 29. Nf5 Bf8 30. Bf2 g6 31. Ne3 Be6 32. Nc4 Nd5 33. Na5 Qe7 34.
Qd2 Qf6 35. Bd4 Qh4 36. Qf2 Qg5 37. Kh1 Bd6 38. h4 Qe7 39. Nc6 Qc7 40. Ba1 Bg3
41. Qd4 f6 42. Rbc1 Bf4 43. Rb1 Be3 44. Qa4 Qg3 45. Rxd5 Bf4 46. Kg1 Qh2+ 47.
Kf2 Bxd5 48. Be5 fxe5 49. Rd1 e4 50. Rxd5 exf3 51. Ne7+ Rxe7 52. Rd8+ Kg7 53.
Qd4+ Kh6 0-1

[Event "SR 2. liga A 2005/2006"]
[Site "?"]
[Date "2005.12.17"]
[Round "29.5"]
[White "Mikulas, Dusan"]
[Black "Stefan, Oldrich"]
[Result "1-0"]
[WhiteElo "2148"]
[BlackElo "2080"]
[PlyCount "81"]
[EventDate "2005.??.??"]

1. e4 c5 2. Nf3 Nc6 3. d4 cxd4 4. Nxd4 Nf6 5. Nc3 d6 6. h3 e5 7. Nb3 Be6 8. Bg5
Be7 9. Qd2 O-O 10. O-O-O a5 11. Kb1 a4 12. Nc1 Qa5 13. Bxf6 Bxf6 14. Nd5 Bxd5
15. Qxa5 Rxa5 16. Rxd5 Rxd5 17. exd5 Nb4 18. Bc4 Rc8 19. b3 b5 20. Bxb5 Nxd5
21. Ne2 axb3 22. cxb3 Nc3+ 23. Nxc3 Rxc3 24. Bc4 Kf8 25. Re1 d5 26. Bxd5 Rd3
27. Bc4 Rd2 28. Re2 Rxe2 29. Bxe2 Be7 30. Kc2 Bc5 31. f3 Ke7 32. Kc3 Kd6 33. b4
Bd4+ 34. Kc4 f6 35. Kb5 Kc7 36. Bd3 h6 37. Be4 Bc3 38. a4 Bd4 39. Ka6 Be3 40.
a5 Bd4 41. b5 1-0

[Event "SR 2. liga A 2005/2006"]
[Site "?"]
[Date "2005.12.17"]
[Round "29.6"]
[White "Bury, Rastislav"]
[Black "Kolman, Richard"]
[Result "1-0"]
[WhiteElo "2047"]
[BlackElo "2096"]
[PlyCount "49"]
[EventDate "2005.??.??"]

1. d4 d5 2. g3 c5 3. Nf3 Nf6 4. Bg2 Nc6 5. O-O e6 6. b3 cxd4 7. Nxd4 Bc5 8. Bb2
O-O 9. Nxc6 bxc6 10. Nd2 Ba6 11. c4 Rb8 12. Qc2 Qb6 13. h3 Bd6 14. Rac1 c5 15.
Bxf6 gxf6 16. cxd5 Bxe2 17. Rfe1 Qa6 18. Ne4 Bd3 19. Nxf6+ Kg7 20. Qc3 e5 21.
Nd7 Rb4 22. Nxe5 Bxe5 23. Rxe5 Qf6 24. Qxc5 Qxe5 25. Qxb4 1-0

[Event "SR 2. liga A 2005/2006"]
[Site "?"]
[Date "2005.12.17"]
[Round "29.7"]
[White "Janecek, Jan"]
[Black "Macka, Oto"]
[Result "1/2-1/2"]
[WhiteElo "1990"]
[BlackElo "1956"]
[PlyCount "128"]
[EventDate "2005.??.??"]

1. d4 d5 2. Nf3 Nf6 3. e3 Bg4 4. Be2 e6 5. O-O Bd6 6. h3 Bh5 7. Nbd2 O-O 8. b3
c5 9. c4 Nc6 10. Bb2 cxd4 11. exd4 Rc8 12. a3 Re8 13. Re1 Ne4 14. Nxe4 dxe4 15.
Nd2 Bxe2 16. Rxe2 f5 17. Nf1 Ne7 18. Rc1 Ng6 19. c5 Bb8 20. Rc3 Nf4 21. Rec2
Qg5 22. Rg3 Qd8 23. d5 Ng6 24. d6 Qd7 25. b4 a5 26. h4 e5 27. h5 Nf4 28. Ne3
axb4 29. axb4 Nd3 30. Nd5 Qe6 31. d7 Qxd5 32. dxc8=Q Rxc8 33. Bc3 Bc7 34. Qb1
Qe6 35. Qa2 Qxa2 36. Rxa2 Nf4 37. h6 g6 38. Be1 Nd3 39. Re3 Bd8 40. Kf1 Bg5 41.
Rh3 Nf4 42. Rha3 Rc7 43. Ra8+ Kf7 44. Rh8 Ke6 45. Ra7 Kd5 46. Rb8 Kc6 47. Bc3
Nd3 48. Re8 Kd5 49. Ra1 Bxh6 50. Rd1 Kc4 51. Bxe5 Nxe5 52. Rxe5 Kxb4 53. Rb1+
Kc4 54. Re6 Bd2 55. Reb6 Rxc5 56. Rxb7 h5 57. Ke2 Bf4 58. R7b6 g5 59. g3 Bc7
60. Rc1+ Kd5 61. Rxc5+ Kxc5 62. Rh6 h4 63. gxh4 gxh4 64. Rxh4 f4 1/2-1/2

[Event "SR 2. liga A 2005/2006"]
[Site "?"]
[Date "2005.12.17"]
[Round "29.8"]
[White "Hudakova, Hana"]
[Black "Hefka, Vladimir"]
[Result "0-1"]
[WhiteElo "1756"]
[BlackElo "1933"]
[PlyCount "73"]
[EventDate "2005.??.??"]

1. e4 c5 2. Nf3 d6 3. d4 cxd4 4. Nxd4 a6 5. Be2 e5 6. Nb3 Be7 7. O-O Nf6 8. Nc3
Qc7 9. Be3 Be6 10. f3 O-O 11. Nd5 Nxd5 12. exd5 Bf5 13. c4 Nd7 14. Nd2 Bg6 15.
Rc1 b6 16. b4 Rfc8 17. Ne4 Qd8 18. Bd3 f5 19. Nd2 Bg5 20. Bf2 e4 21. fxe4 fxe4
22. Nxe4 Bxc1 23. Nxd6 Bxd3 24. Qxd3 Ne5 25. Qf5 Qxd6 26. Rxc1 Rxc4 27. Re1
Qxd5 28. Qxe5 Qxe5 29. Rxe5 Rxb4 30. g3 Rd8 31. a3 Rb2 32. Be1 Rd1 33. h4 Ra2
34. Re3 Rda1 35. Kf1 Rxa3 36. Kf2 Rxe3 37. Kxe3 0-1

[Event "SR 2. liga A 2005/2006"]
[Site "?"]
[Date "2005.12.17"]
[Round "30.1"]
[White "Pacher, Milan"]
[Black "Polacik, Igor"]
[Result "1-0"]
[WhiteElo "2201"]
[BlackElo "2056"]
[PlyCount "61"]
[EventDate "2005.??.??"]

1. d4 c5 2. d5 e5 3. e4 d6 4. c4 f5 5. exf5 Bxf5 6. Bd3 Bxd3 7. Qxd3 Nf6 8. Nc3
Na6 9. Nge2 Qd7 10. O-O Be7 11. a3 O-O 12. Ng3 Rf7 13. Nge4 Nxe4 14. Nxe4 Qg4
15. f3 Qh4 16. Be3 Raf8 17. Rab1 Rf5 18. b4 b6 19. bxc5 Nxc5 20. Bxc5 dxc5 21.
d6 Bg5 22. Rbd1 Qh6 23. Rfe1 Bf4 24. h3 Bg5 25. d7 Bd8 26. Nd6 Rf4 27. Qd5+ Kh8
28. Rxe5 Qg6 29. Re8 Bc7 30. Rxf8+ Rxf8 31. Nf7+ 1-0

[Event "SR 2. liga A 2005/2006"]
[Site "?"]
[Date "2005.12.17"]
[Round "30.2"]
[White "Magyar, Frantisek"]
[Black "Sturc, Gustav"]
[Result "1-0"]
[WhiteElo "1990"]
[BlackElo "2103"]
[PlyCount "103"]
[EventDate "2005.??.??"]

1. d4 Nf6 2. c4 c5 3. d5 e6 4. Nc3 exd5 5. cxd5 d6 6. e4 g6 7. Nf3 Bg7 8. Be2
O-O 9. O-O Bg4 10. h3 Bxf3 11. Bxf3 a6 12. a4 Nbd7 13. Be3 Re8 14. Qc2 Qe7 15.
Rfe1 h6 16. g3 g5 17. Bg2 g4 18. Bf4 Ne5 19. Bxe5 Qxe5 20. hxg4 Nxg4 21. Bh3
Qg5 22. Bxg4 Qxg4 23. Kg2 Re7 24. f3 Qg6 25. Ne2 Rae8 26. Nf4 Qg5 27. Rh1 Qe5
28. Rab1 Qd4 29. g4 Qe3 30. Nh5 Be5 31. Rbe1 Qg5 32. b3 b5 33. Qc1 Qxc1 34.
Rxc1 bxa4 35. bxa4 Rb8 36. Rc2 Rb4 37. Ng3 Bxg3 38. Kxg3 f6 39. Rxh6 Rf7 40.
Kf4 Rxa4 41. Kf5 Ra3 42. f4 Ra4 43. Rb2 Rb4 44. Ra2 a5 45. Rxa5 Re7 46. Ra8+
Kg7 47. Rg6+ Kh7 48. Ra2 Rg7 49. Rxf6 Re7 50. g5 Rbxe4 51. Rxd6 Rb4 52. Rf6 1-0